| 000 | 00990cam a22002651i 4500 | ||
|---|---|---|---|
| 003 | SA-RiAUC | ||
| 005 | 20250612061317.0 | ||
| 008 | 250605s1997 su a g 00000 ara c | ||
| 020 | _a9960001113 | ||
| 040 |
_aSD-KhSNL _bara _cSA-RiAUC _erda |
||
| 082 | 0 | 4 | _a070.5 |
| 090 |
_a070.5 _bم ي خ |
||
| 100 | 1 |
_aميخائيل، موريس أبو السعد _eمؤلف. |
|
| 245 | 1 | 2 |
_aالكتاب : _bتحريره ونشره / _cموريس أبو السعد ميخائيل. |
| 250 | _aالطبعة الثانية. | ||
| 264 | 1 |
_a[مكان النشر غير محدد] : _b[الناشر غير محدد]، _c1997 |
|
| 264 | 3 |
_aالرياض : _bمطابع الناشر العربي |
|
| 300 |
_a392 صفحة : _bإيضاحيات ؛ _c24 سم |
||
| 336 |
_aنص _btxt _2rdacontent _3كتاب |
||
| 337 |
_aبدون وسيط _bn _2rdamedia |
||
| 338 |
_aمجلد _bnc _2rdacarrier |
||
| 650 | 7 |
_aنشر الكتب _2aucsh |
|
| 942 |
_2ddc _cBOOK _n0 |
||
| 949 |
_aSA-JeALM _d250605 _umohamedma123 _n1 |
||
| 999 |
_c8879 _d8879 |
||